Music Quiz

Random Music Quiz

Great British Bands of the 1990's Quiz Stats

 Plays Quiz not verified by Sporcle

Challenge
Share
Tweet
Embed
Score 0/28 Timer 05:00
0 Plays Today
Album Band % Correct
What's the Story, Morning Glory?Oasis
96.1%
ParklifeBlur
91.3%
The BendsRadiohead
84.3%
Urban HymnsThe Verve
82.7%
Different ClassPulp
77.2%
ScreamadelicaPrimal Scream
72.4%
SealSeal
63.8%
The Division BellPink Floyd
53.5%
Wild WoodPaul Weller
41.7%
KKula Shaker
39.4%
White LadderDavid Gray
39.4%
ConnectedStereo MC's
30.7%
ProtectionMassive Attack
29.9%
Travelling Without MovingJamiroquai
23.6%
Album Band % Correct
Emergency on Planet EarthJamiroquai
22.8%
One From the ModernOcean Colour Scene
15%
Paranoid and SunburntSkunk Anansie
11%
TimelessGoldie
7.9%
From The CradleEric Clapton
6.3%
Amplified HeartEverything But The Girl
4%
Love DeluxeSade
3.9%
Some Girls Wander By MistakeSisters of Mercy
3.1%
TemperamentalEverything But The Girl
3.1%
Good HumorSaint Etienne
2.4%
EnlightenmentVan Morrison
1.6%
She Get's Out The ScrapbookFurniture
1.6%
WonderfulMadness
0.8%
Roots & CultureMakka B
0.8%

You're not logged in!

Compare scores with friends on all Sporcle quizzes.
OR
Log In

You Might Also Like...

Show Comments

Extras

Top Quizzes Today


Score Distribution

Your Account Isn't Verified!

In order to create a playlist on Sporcle, you need to verify the email address you used during registration. Go to your Sporcle Settings to finish the process.

Report this User

Report this user for behavior that violates our Community Guidelines.

Details: